000 00632nam a2200277Ia 4500
005 20260324123658.0
008 008 260324s9999 xx 000 0 eng d
020 _a9780203830529
037 _aEBOOK
040 _aCRL
040 _beng
040 _cCRL
041 _2eng
041 _aeng
084 _qCRL
100 _aPina Tarricone
_91171234
245 4 _aThe Taxonomy of Metacognition
260 _bTaylor and Francis
260 _c2011
365 _a
365 _b230
856 _uhttp://www.taylorfrancis.com/books/9780203830529
942 _cEBOOK
999 _c1764961
_d1764961